| 000 | 00710nam a2200193 a 4500 | ||
|---|---|---|---|
| 001 | 000043297 | ||
| 005 | 20201002040811.0 | ||
| 008 | 140304s2012 dr 000 0 spa d | ||
| 040 |
_aDO-SdBNP _bspa _cBNPHU |
||
| 100 | 1 |
_aReyes Sánchez, Miguel _916027 |
|
| 245 | 1 | 4 |
_aLos tratados internacionales / _cMiguel Reyes Sánchez. |
| 260 |
_aSanto Domingo, : _bUNICARIBE, _c2012 _fSomos Artes Gráficas |
||
| 300 |
_a60 p. ; _c24 cm. |
||
| 490 | 1 |
_aCuadernos Diplomáticos _v7 |
|
| 500 | _aIncluye datos biografícos del autor en la contraportada. | ||
| 504 | _aBibliografía p: 59-60 | ||
| 710 | 1 | 2 |
_aUniversidad del Caribe _bEscuela de Relaciones Internacionales _970929 |
| 830 | 0 |
_aCuadernos Diplomáticos _n7 _970936 |
|
| 999 |
_c42786 _d42786 |
||